MARC details
| 000 -CABECERA |
| campo de control de longitud fija |
04941nam a2200397 a 4500 |
| 003 - IDENTIFICADOR DEL NÚMERO DE CONTROL |
| campo de control |
CHAP |
| 005 - FECHA Y HORA DE LA ÚLTIMA TRANSACCIÓN |
| campo de control |
20240612095904.0 |
| 007 - CAMPO FIJO DE DESCRIPCIÓN FÍSICA--INFORMACIÓN GENERAL |
| campo de control de longitud fija |
ta |
| 008 - DATOS DE LONGITUD FIJA--INFORMACIÓN GENERAL |
| campo de control de longitud fija |
231010s2021 mx abo|fom||| 001 0 spa d |
| 040 ## - FUENTE DE LA CATALOGACIÓN |
| Normas de descripción |
rda |
| 041 ## - CÓDIGO DE LENGUA |
| Código de lengua del texto/banda sonora o título independiente |
spa |
| Código de lengua del sumario o resumen |
eng |
| 100 1# - ENTRADA PRINCIPAL--NOMBRE DE PERSONA |
| 9 (RLIN) |
188114 |
| Nombre de persona |
Márquez Balbuena, Jazmín |
| 240 10 - TÍTULO UNIFORME |
| Título uniforme |
Quality attributes of the huaya fruit (Melicoccus bijugatus) : state of the art. |
| Lenguaje de la obra |
Español |
| 245 10 - MENCIÓN DE TÍTULO |
| Título |
Atributos de calidad del fruto de huaya (Melicoccus bijugatus) : |
| Resto del título |
estado del arte / |
| Mención de responsabilidad, etc. |
Jazmín Márquez Balbuena |
| 264 ## - PRODUCCIÓN, PUBLICACIÓN, DISTRIBUCIÓN, FABRICACIÓN Y COPYRIGHT |
| Producción, publicación, distribución, fabricación y copyright |
Chapingo, México : |
| Nombre del de productor, editor, distribuidor, fabricante |
El autor, |
| Fecha de producción, publicación, distribución, fabricación o copyright |
2021 |
| 300 ## - DESCRIPCIÓN FÍSICA |
| Extensión |
1 recurso en línea (ix, 53 páginas) : |
| Otras características físicas |
ilustraciones, mapas, fotos |
| 336 ## - TIPO DE CONTENIDO |
| Fuente |
rdacontent |
| Término de tipo de contenido |
texto |
| Código de tipo de contenido |
txt |
| 337 ## - TIPO DE MEDIO |
| Fuente |
rdamedia |
| Nombre/término del tipo de medio |
computadora |
| Código del tipo de medio |
c |
| 338 ## - TIPO DE SOPORTE |
| Fuente |
rdacarrier |
| Nombre/término del tipo de soporte |
recurso en línea |
| Código del tipo de soporte |
cr |
| 502 ## - NOTA DE TESIS |
| Nota de tesis |
Tesis |
| Tipo de título |
(Ingeniero Agroindustrial) -- |
| Nombre de la institución que otorga el título |
Departamento de Ingeniería Agroindustrial, |
| Año de obtención del título |
2021 |
| Información miscelánea |
Licenciatura |
| 504 ## - NOTA DE BIBLIOGRAFÍA, ETC. |
| Nota de bibliografía, etc. |
Bibliografía: páginas 45-53 |
| 520 3# - SUMARIO, ETC. |
| Sumario, etc. |
La huaya (Melicoccus bijugatus; Sapindaceae) produce un fruto con importancia en México, pero es muy perecedero, con vida útil menor a 3 d en condiciones ambientales. El fruto es conocido por sus propiedades medicinales, pero no hay información sistematizada sobre su manejo, lo que dificulta su explotación. El objetivo fue evaluar el estado del arte del fruto de huaya, para favorecer su manejo desde la precosecha, hasta el periodo en postcosecha y comercialización. El trabajo se desarrolló como una investigación documental, con tres orientaciones: descripción de características, comercialización y listado de frutos exóticos; características generales del cultivo, tales como la descripción morfológica y taxonómica, su origen y distribución, y descripción de la tipología del fruto, su composición química, las características nutracéuticas del fruto y su comportamiento postcosecha. Además, se expusieron usos potenciales y la forma común de comercialización. El fruto de huaya se aprovecha en forma muy limitada, debido al desconocimiento de su comportamiento postcosecha y falta de técnicas de conservación. Sin embargo, aporta gran cantidad de compuestos bioactivos, lo que le da importancia en el área de la salud, además de que contribuye a la economía de los pueblos rurales de las regiones del sureste del país, principalmente en la península de Yucatán. Este recurso fitogenético puede aprovecharse de manera integral, pues tanto la semilla como la cáscara pueden industrializarse y podrían utilizarse para elaborar alimentos funcionales o para enriquecer algunos productos como harinas o bebidas. |
| 520 3# - SUMARIO, ETC. |
| Sumario, etc. |
Huaya (Melicoccus bijugatus; Sapindaceae) produces an important fruit in Mexico, but it is very perishable, with shelf life less than 3 d under environmental conditions. The fruit is known for its medicinal properties, but there is no systematized information on its handling, which difficult the exploitation. The objective was to evaluate the state of the art of the huaya fruit, to favor its handling from the pre-harvest, until the post harvest and commercialization period. The work was developed as a documentary investigation, with three orientations: description of characteristics, commercialization, and listing of exotic fruits; general characteristics of the crop, such as morphological and taxonomic description, origin and distribution, and description of the type of the fruit, its chemical composition, the nutraceutical characteristics, and its postharvest behavior. In addition, potential uses and the common form of commercialization were discussed. The huaya fruit is used in a very limited way, due to ignorance about its post-harvest behavior and lack of conservation techniques. However, it provides a large number of bioactive compounds, which gives it importance in the health area, in addition to contributing to the economy of rural communities in the southeastern regions of Mexico, mainly in the Yucatan peninsula. This phytogenetic resource can be used in integral form, since both, the seed and the skin, can be industrialized and could be used to make functional foods or to enrich some products such as flours or beverages. |
| 650 13 - PUNTO DE ACCESO ADICIONAL DE MATERIA--TÉRMINO DE MATERIA |
| 9 (RLIN) |
188115 |
| Término de materia o nombre geográfico como elemento de entrada |
Melicoccus bijugatus |
| Fuente del encabezamiento o término |
atg |
| 650 13 - PUNTO DE ACCESO ADICIONAL DE MATERIA--TÉRMINO DE MATERIA |
| 9 (RLIN) |
188115 |
| Término de materia o nombre geográfico como elemento de entrada |
Melicoccus bijugatus |
| Subdivisión general |
Propiedades fisicoquímicas |
| Fuente del encabezamiento o término |
atg |
| 650 13 - PUNTO DE ACCESO ADICIONAL DE MATERIA--TÉRMINO DE MATERIA |
| 9 (RLIN) |
188115 |
| Término de materia o nombre geográfico como elemento de entrada |
Melicoccus bijugatus |
| Subdivisión general |
Calidad del producto |
| Fuente del encabezamiento o término |
atg |
| 650 13 - PUNTO DE ACCESO ADICIONAL DE MATERIA--TÉRMINO DE MATERIA |
| 9 (RLIN) |
188115 |
| Término de materia o nombre geográfico como elemento de entrada |
Melicoccus bijugatus |
| Subdivisión general |
Iniciativa empresarial |
| Fuente del encabezamiento o término |
atg |
| 650 13 - PUNTO DE ACCESO ADICIONAL DE MATERIA--TÉRMINO DE MATERIA |
| 9 (RLIN) |
188115 |
| Término de materia o nombre geográfico como elemento de entrada |
Melicoccus bijugatus |
| Subdivisión general |
Physicochemical properties |
| Fuente del encabezamiento o término |
atg |
| 650 13 - PUNTO DE ACCESO ADICIONAL DE MATERIA--TÉRMINO DE MATERIA |
| 9 (RLIN) |
188115 |
| Término de materia o nombre geográfico como elemento de entrada |
Melicoccus bijugatus |
| Subdivisión general |
Product quality |
| Fuente del encabezamiento o término |
atg |
| 650 13 - PUNTO DE ACCESO ADICIONAL DE MATERIA--TÉRMINO DE MATERIA |
| 9 (RLIN) |
188115 |
| Término de materia o nombre geográfico como elemento de entrada |
Melicoccus bijugatus |
| Subdivisión general |
Entrepreneurship |
| Fuente del encabezamiento o término |
atg |
| 700 1# - PUNTO DE ACCESO ADICIONAL--NOMBRE DE PERSONA |
| 9 (RLIN) |
151202 |
| Nombre de persona |
Valle Guadarrama, Salvador |
| Término indicativo de función/relación |
director |
| 700 1# - PUNTO DE ACCESO ADICIONAL--NOMBRE DE PERSONA |
| 9 (RLIN) |
4088 |
| Nombre de persona |
Alia Tejacal, Irán |
| Término indicativo de función/relación |
asesor |
| 700 1# - PUNTO DE ACCESO ADICIONAL--NOMBRE DE PERSONA |
| 9 (RLIN) |
76348 |
| Nombre de persona |
Márquez Roa, Laura Martín |
| Término indicativo de función/relación |
asesora |
| 856 40 - LOCALIZACIÓN Y ACCESO ELECTRÓNICOS |
| Texto de enlace |
DESCARGAR PDF |
| Identificador Uniforme del Recurso |
http://10.13.5.2/tesis/tl/15114798_Marquez_Balbuena_Jazmin.pdf |
| 942 ## - ELEMENTOS DE PUNTO DE ACCESO ADICIONAL (KOHA) |
| Fuente del sistema de clasificación o colocación |
Clasificación Universidad Autónoma Chapingo |
| Tipo de ítem Koha |
Tesis digital |